El fulgor insomne: la vida de Marcelo Barrios

Kaydedildi:
Detaylı Bibliyografya
Yazar: Guajardo, Ernesto (Yazar)
Materyal Türü: Kitap
Dil:İspanyolca
Baskı/Yayın Bilgisi: Valparaíso MemoriActiva 2000
Konular:
Etiketler: Etiketle
Etiket eklenmemiş, İlk siz ekleyin!

MARC

LEADER 00000nam a2200000 a 4500
001 UCK9120
003 CL-VaPUC
008 060421e20000000CL |||||||||||||||||spa|d
082 0 4 |a 323.4  |b GUA  |2 21 
100 |a Guajardo, Ernesto  |e author  |9 595727 
245 1 3 |a El fulgor insomne: la vida de Marcelo Barrios 
300 |a 191 p 
942 |c BK 
945 |d 20060421 00:00:00  |a cmena 
260 |a Valparaíso  |b MemoriActiva  |c 2000 
600 0 7 |a BARRIOS, MARCELO  |2 CL-VaPUC  |9 498827 
650 0 |a Derechos humanos  |9 223025 
650 0 |a Detenidos desaparecidos  |9 392335 
650 0 |a Biografías  |9 255210 
583 |a last modification  |c 20060421 00:00:00  |k Rodrigo Vera 
999 |c 316405  |d 316403 
952 |0 0  |1 0  |4 0  |6 323_400000000000000_GUA_2000  |7 0  |8 A  |9 390774  |a BIBHIS  |b BIBHIS  |d 2019-11-22  |i 4223012  |o 323.4 GUA 2000  |p 4223012  |r 2025-01-20  |w 2019-11-22  |y BK  |k HIS